000 01182cam a2200229 4500
001 WB3806-18
008 020214n2002 000 0 eng u
035 _a(Sirsi) u116727
245 _aEnvironmental liability Directive
260 _c2002
490 _aRICS European Alert
_vFebruary 2002, (1)
520 _aTwo years in the making, the European Commission finally adopted a proposal for a legal framework for environmental liability on 23 January 2002. The Directive aims both to prevent and restore environmental damage under the ♯polluter paysα principle. Water pollution, damage to biodiversity and land contamination which causes serious harm to human health all come under the scope of the Directive. RICS is preparing a response. For further information contact Sían Hughes, [email protected]. http://www.rics.org/ricscms/bin/show?class=News&template=/includes/shownews.html&id=1875
590 _aWB
650 _aPOLLUTER PAYS PRINCIPLE
650 _aPOLLUTION
650 _aContamination
_96231
650 _aENVIRONMENTAL DAMAGE
650 _aEU DIRECTIVES
650 _aENVIRONMENTAL LIABILITY
690 _aENVIRONMENT-CONTAMINATION
942 _n0
999 _c69530
_d69530